Revista 50 + UNO

Detalles Bibliográficos
Formato: Libro
Lenguaje:español
Publicado: [s.l.] : Sociedad Chilena de Derecho Parlamentario y Teora̕ de la Legislacin̤, 2012 -
Materias:
Acceso en línea:Acceso restringido

MARC

LEADER 00000nam a22000007a 4500
005 20180406130124.0
007 cr|||| ||||
008 180406c20129999cl ar|| ||||| 0||| 1spa d
022 |a 0719-2673 
035 |a 21269 
040 |a vLex 
090 |c 7676  |d 7676 
245 0 0 |a Revista 50 + UNO  |h [Recurso electrn̤ico] 
256 |a Servicio en ln̕ea 
260 |a [s.l.] :  |b Sociedad Chilena de Derecho Parlamentario y Teora̕ de la Legislacin̤,  |c 2012 - 
300 |a 1 recurso electrn̤ico 
362 |a Num. 1 (2012) - 
506 |a Disponible en los productos indicados  |d vLex Global  |d vLex Global (Academic Edition, excluding Law Schools)  |d vLex Global (U.S. Academic Edition, Law Schools)  |d vLex Global (U.S. Academic Edition, excluding Law Schools)  |d vLex Global (Academic Edition, Law Schools) 
650 0 4 |a Derecho Constitucional  |z Chile 
740 0 |a vLex Revistas (servicio en ln̕ea) 
856 4 0 |u http://vlex.com/source/21269  |z Acceso restringido 
942 |c REV 
999 0 |a Constitutional law